Get Out Movie Trivia - Statistics

General Stats
  • This quiz has been taken 42 times
  • The average score is 8 of 15
Answer Stats
Question Answer % Correct
Director of the movie, famous for starring in a comedy duo Jordan Peele
86%
Name one of the two horror movies the director has made since "Get Out" Us | Nope
70%
Method that mother Missy uses to trap Chris's consciousness Hypnotism
68%
Chris's profession Photographer
68%
Name of his girlfriend Rose
65%
Agency where Rod works in TSA
59%
Actor who plays the protagonist Chris Daniel Kaluuya
57%
Chris's body part they try to take away Eyes
54%
City they live in New York City
51%
Name one of the black servants at the Armitages' house Georgina | Walter
46%
Quote Now you are in the {Sunken} Place.
46%
The movie was only the 6th horror movie to be nominated for the Best Picture Oscar. Name one of those movies. The Exorcist | Jaws | The Sixth Sense |
The Silence of the Lambs | Black Swan
38%
African-American athlete the father Dean is a fan of Jesse Owens
32%
Quote A {mind} is a terrible thing to waste.
30%
Movie that ended up winning the award at the 90th Academy Awards The Shape of Water
14%
No matching quizzes found
Score Distribution
Percent of People with Each Score
Percentile by Number Answered
Your Score History
You have not taken this quiz